Most Populated Regions in the World - Statistics

General Stats
  • This quiz has been taken 1,118 times
  • The average score is 41 of 109
Answer Stats
Population Status Country Answer % Correct
38,965,193 State USA California
85%
30,503,301 State USA Texas
84%
19,571,216 State USA New York
83%
22,610,726 State USA Florida
79%
21,893,095 Municipality China Beijing
75%
56,490,048 Country UK England
71%
24,870,895 Municipality China Shanghai
71%
12,549,689 State USA Illinois
68%
16,055,174 State Brazil Rio de Janeiro
68%
44,411,238 State Brazil Sao Paulo
68%
13,038,724 State Germany Bavaria
67%
235,687,000 State India Uttar Pradesh
67%
12,961,683 State USA Pennsylvania
66%
45,644,586 Division Bangladesh Dhaka
65%
127,688,922 Province Pakistan Punjab
65%
30,730,000 State India Punjab
65%
15,907,951 Municipality Turkiye Istanbul
63%
11,785,935 State USA Ohio
63%
14,047,594 Prefecture Japan Tokyo
63%
16,992,418 State Mexico Mexico
60%
15,608,369 Province Canada Ontario
60%
21,359,000 Territory India Delhi
59%
11,029,227 State USA Georgia
59%
10,562,088 Municipality Indonesia Jakarta
59%
13,491,800 State Nigeria Lagos
59%
10,037,261 State USA Michigan
57%
13,010,112 Municipality Russia Moscow
55%
17,523,996 Province Argentina Buenos Aires
54%
10,835,491 State USA North Carolina
54%
99,084,000 State India West Bengal
54%
14,437,000 Municipality Iran Tehran
53%
10,248,385 Governorate Egypt Cairo
51%
14,565,700 Municipality Congo DR Kinshasa
51%
10,004,100 Province Peru Lima
50%
126,012,510 Province China Guangdong
48%
71,507,000 State India Gujarat
48%
13,603,000 Territory India Jammu and Kashmir
47%
34,178,612 Division Bangladesh Chittagong
46%
83,674,866 Province China Sichuan
45%
76,860,000 State India Tamil Nadu
43%
17,890,489 State Germany North Rhine-Westphalia
42%
81,025,000 State India Rajasthan
42%
12,419,961 Region France Ile-de-France
41%
10,081,232 Province China Hainan
40%
35,776,000 State India Kerala
40%
32,054,159 Municipality China Chongqing
39%
24,049,155 Region China Inner Mongolia
39%
10,020,528 Region Italy Lombardy
39%
15,462,200 State Nigeria Kano
37%
126,385,000 State India Maharashtra
37%
74,610,235 Province China Hebei
35%
57,752,557 Province China Hubei
35%
13,866,009 Municipality China Tianjin
35%
12,422,172 Region Philippines Central Luzon
34%
48,274,162 Province Indonesia West Java
34%
25,852,345 Region China Xinjiang
34%
40,665,696 Province Indonesia East Java
33%
11,104,040 State Germany Baden-Wurttemberg
32%
35,713,000 State India Assam
31%
126,756,000 State India Bihar
31%
53,156,000 State India Andhra Pradesh
30%
86,579,000 State India Madhya Pradesh
30%
55,696,147 Province Pakistan Sindh
30%
66,444,864 Province China Hunan
29%
46,276,000 State India Odisha
29%
39,528,999 Province China Shaanxi
29%
101,527,453 Province China Shandong
29%
34,915,616 Province China Shanxi
28%
47,209,277 Province China Yunnan
28%
41,540,086 Province China Fujian
27%
99,365,519 Province China Henan
27%
67,692,000 State India Karnataka
27%
14,894,402 Province Pakistan Balochistan
26%
36,516,035 Province Indonesia Central Java
26%
61,027,171 Province China Anhui
24%
14,141,626 State Brazil Bahia
22%
50,126,804 Region China Guangxi
22%
31,850,088 Province China Heilongjiang
22%
84,748,016 Province China Jiangsu
22%
24,073,453 Province China Jilin
22%
20,539,989 State Brazil Minas Gerais
22%
38,090,000 State India Telangana
22%
30,209,000 State India Haryana
20%
30,180,000 State India Chhattisgarh
19%
39,466,000 State India Jharkhand
19%
42,591,407 Province China Liaoning
19%
64,567,588 Province China Zhejiang
19%
25,019,831 Province China Gansu
18%
12,423,907 Province S. Africa KwaZulu-Natal
18%
22,877,000 Region Ethiopia Amhara
17%
38,562,148 Province China Guizhou
17%
45,188,635 Province China Jiangxi
17%
10,882,965 State Brazil Rio Grande do Sul
17%
15,099,422 Province S. Africa Gauteng
16%
11,637,000 State India Uttarakhand
16%
40,061,000 Region Ethiopia Oromia
14%
14,799,361 Province Indonesia North Sumatra
13%
11,444,380 State Brazil Parana
13%
40,856,097 Province Pakistan Khyber Pakhtunkhwa
11%
11,415,113 Division Bangladesh Sylhet
11%
17,813,218 Division Bangladesh Khulna
9%
18,020,071 Division Bangladesh Rangpur
6%
20,794,019 Division Bangladesh Rajshahi
5%
11,904,562 Province Indonesia Banten
4%
13,511,676 Province S. Korea Gyeonggi
4%
13,484,462 Region Philippines Metro Manila
4%
12,637,472 Division Bangladesh Mymensingh
4%
16,195,042 Region Philippines Calabarzon
2%
10,368,500 State Nigeria Katsina
1%
No matching quizzes found
Score Distribution
Percent of People with Each Score
Percentile by Number Answered
Your Score History
You have not taken this quiz